Normal view
MARC view
- Ali, Yasmeen Aftab
Entry Personal Name
001 - CONTROL NUMBER
- control field: 128304
003 - CONTROL NUMBER IDENTIFIER
- control field: NUST
005 - DATE AND TIME OF LATEST TRANSACTION
- control field: 20250314103849.0
008 - FIXED-LENGTH DATA ELEMENTS
- fixed length control field: 250314|| aca||aabn | a|a d
040 ## - CATALOGING SOURCE
- Original cataloging agency: NUST
- Transcribing agency: NUST
100 ## - HEADING--PERSONAL NAME
- Personal name: Ali, Yasmeen Aftab
670 ## - SOURCE DATA FOUND
- Source citation: Work cat.: (NUST)0: Ali, Yasmeen Aftab., A comparative analysis of media & media laws in Pakistan /, 2012.
